UBT Library

Biochemistry (Record no. 56655)

000 -LEADER
fixed length control field 00306nam a22001457a 4500
008 - FIXED-LENGTH DATA ELEMENTS--GENERAL INFORMATION
fixed length control field 210322b ||||| |||| 00| 0 eng d
020 ## - INTERNATIONAL STANDARD BOOK NUMBER
International Standard Book Number 9780805350159
041 ## - LANGUAGE CODE
Language code of text/sound track or separate title eng
080 ## - UNIVERSAL DECIMAL CLASSIFICATION NUMBER
Universal Decimal Classification number 575
082 ## - DEWEY DECIMAL CLASSIFICATION NUMBER
Classification number 575
100 ## - Rafti
Rafti 5
101 ## - Shkurtesa
Shkurtesa BIO
245 ## - TITLE STATEMENT
Title Biochemistry
Statement of responsibility, etc Mathews, CH. K
942 ## - ADDED ENTRY ELEMENTS (KOHA)
Source of classification or shelving scheme
Item type Books
Holdings
Withdrawn status Lost status Source of classification or shelving scheme Damaged status Not for loan Collection code Permanent location Current location Shelving location Date acquired Total Checkouts Full call number Barcode Date last seen Price effective from Koha item type
          Koleksioni i përgjithshem UBT - Lipjan UBT - Lipjan Koleksioni i përgjithshem 03/22/2021   575 MATH 002-7001447 03/22/2021 03/22/2021 Books
UBT Library © 2015-2024. All rights reserved University Education for Business and Technology